Countries Higher or Lower Quiz - Statistics

General Stats
  • This quiz has been taken 319 times
  • The average score is 4 of 10
Answer Stats
Question Answer % Correct
Does Indonesia have a higher or lower total landmass than Mongolia? Higher
75%
Does France have a higher or lower number of overseas territories than USA? Higher
75%
Does Vatican City have a higher or lower population density than the Maldives? (2019) Higher
75%
Does Australia have a higher or lower population density than Namibia? Higher
75%
Does Germany host a higher or lower population of refugees than Lebanon (2021) Lower
50%
Does Iran have a higher or lower inflation rate than Ethiopia? (2022) Higher
25%
Does Peru have a higher or lower number of bird species than Brazil? Higher
0%
Does Estonia have a higher or lower easternmost longitude than Latvia [Is it further east (higher) or not (lower)]? Lower
0%
In 2017 did the Netherlands have a higher or lower GDP (PPP) per capita than Ireland? Lower
0%
Does the USA have a higher or lower population per capita in the military than South Korea? (2022) Lower
0%
No matching quizzes found
Score Distribution
Percent of People with Each Score
Percentile by Number Answered
Your Score History
You have not taken this quiz